000
00228 a2200097 4500
001
52567
100
_a
Stern N
245
_a
370/360 Assembler Language Programming
260
_a
New York
_b
John Wiley
_c
090
_c
33054
_d
33054
942
_a
NUST-CAE
_c
M
_c
25619
999
_c
287640
_d
287640